Die 32 größten Seen der Welt - Statistiken

Allgemein
  • Dieses Quiz wurde 97 mal gespielt
  • Das Durchschnittsergebnis liegt bei 11 aus 32
Antwortstatistiken
Fläche
(km2)
grenzt an...
(Länder)
See % Korrekt
386 400 🇷🇺 🇰🇿 🇹🇲 🇮🇷 Kaspisches Meer/ Südliches Meer/ Kaspisee
86%
69 484 🇰🇪 🇹🇿 🇺🇬 Victoriasee/ Nam Lolwe/ Nnalubaale/ Ukerewe
86%
31 490 🇷🇺 Baikalsee
84%
25 667 🇺🇸, 🍁 Kanada Eriesee /Lake Erie
84%
82 103 🇺🇸, 🍁 Kanada Oberer See / Lake Superior
78%
57 866 🇺🇸 Michigansee/ Lake Michigan
73%
59 570 🇺🇸, 🍁 Kanada Huronsee/ Lake Huron
63%
19 011 🇺🇸, 🍁 Kanada Ontariosee/ Lake Ontario
62%
31 795 🍁 Kanada Großer Bärensee/ Great Bear Lake/ Grand lac de l'Ours
54%
29 600 🇲🇼 🇲🇿 Malawisee
53%
8 372 🇵🇪 🇧🇴 Titicacasee/ Lago Titicaca
52%
32 893 🇿🇲 🇹🇿 🇧🇮, DRK Tanganjikasee/ Lake Tanganyika
49%
17 700 🇷🇺 Ladogasee/ Ladoschskoje Osero/ Laatokka
42%
28 570 🍁 Kanada Großer Sklavensee/ Great Slave Lake/ Grand lac des Esclaves
39%
24 390 🍁 Kanada Winnipeggsee/ Lake Winnipeg
28%
8 264 🇳🇮 Nicaraguasee/ Cocibolca
25%
9 720 🇷🇺 Onegasee/ Oniegu / Oneschskoje osero
20%
16 400 🇰🇿 Balchaschsee/ Lake Balkhash
18%
7 850 🍁 Kanada Athabascasee/ Lake Athabasca
14%
13 512 🇻🇪 Maracaibo-See*/ Lago de Maracaibo*
13%
5 519 🇸🇪 Vänern/ Vänersee/ Wenersee
13%
5 650 🍁 Kanada Reindeer Lake/ Rentier-See
10%
5 347 DRK, 🇺🇬 Albertsee/ Lake Mwitanzige/ Lake Mobutu Sese Seko
9%
6 236 🇰🇬 Yssykköl/ Issyk-Kul /Heißer See
8%
6 400 🇰🇪 🇪🇹 Turkana-See/ Rudolfsee
5%
5 470 🇮🇷 Urmiasee/ Cécast/ Daryacé-ye Orumiye
5%
9 690 Australien Eyresee/ Lake Eyre
4%
15 690 🇦🇶 Wostoksee/ Lake Vostok
4%
5 120 DRK, 🇿🇲 Mwerusee/ Lac Moero
3%
5 164 🍁 Kanada Winnipegosissee/ Lake Winnipegosis
3%
5 000+ 🇿🇲 Bangweulusee
0%
5 542 🍁 Kanada Nettilling Lake
0%
Keine übereinstimmenden Quizze gefunden
Verteilung der Resultate
Anzahl Personen mit jedem Resultat
Perzentil nach korrekt beantworteten Fragen
Ihre Resultats-Entwicklung
Sie haben dieses Quiz noch nicht gespielt